LEADER 00730naa a2200133 i 4500 001 000000330328 003 CaOOAMICUS 005 20180831173637.0 008 180831n it u000 u ita u 013 $a42091 040 $aSeMil$bita 245 13$aLa metamorfosi ermeneutica della fenomenologia e lo statuto della teologia cristiana. 773 0 $tApprossimazioni alla trascendenza.$dPisa ; Roma : Istituti Editoriali e Poligrafici Internazionali, 2005.$kPubblicazioni della Facoltą di lettere e filosofia$kPubblicazioni della Facoltą di lettere e filosofia. Atti di convegni$z88-8147-427-1$gp.135-152$w()146250 996 $6245$aLa metamorfosi ermeneutica della fenomenologia e lo statuto della teologia cristiana$9(OLS)http://semarc/title/418783 LEADER 00912nam a2200229 i 4500 001 000000201076 003 CaOOAMICUS 005 20240516124232.0 008 110419s19uu it u000 u ita u 013 $a179777 040 $aSeMil$bita 100 1 $aRotta, Paolo,$c.$0(OLS)http://semarc/name/89556 245 12$aL'iniziativa di Giuliano Imperator ed il suo significato sociale /$cPaolo Rotta. 260 $a[S.l. :$bs.n.,$c190?] 300 $aP. 659-677 ;$c23 cm. 500 $aEstratto da «La rassegna nazionale», vol. 124. 773 0 $t[Miscellanea.$w()24790 850 $aSeMil 852 $aSeMil$W1$xVenegono$y1$m5B II 3/23 FA$j248242$B151605$CSeMilBibl$Z2$F162804 $8I 996 $6245$aL'iniziativa di Giuliano Imperator ed il suo significato sociale$9(OLS)http://semarc/title/290925 996 $6260$a[S.l. :$bs.n.$9(OLS)http://semarc/publisher/31686